| 000 | 01029nam a22003497a 4500 | ||
|---|---|---|---|
| 001 | BR7200348 | ||
| 003 | BR-BrBNA | ||
| 005 | 20230928083753.0 | ||
| 007 | ta | ||
| 008 | 230509b bl.||||| |||| 00| 0 por d | ||
| 040 |
_aBR-BrBNA _bpor _cBiblioteca Nacional de Agricultura |
||
| 041 | _a(Por) | ||
| 072 |
_aE15; E70 _b5212 _b9700 _b/G514 |
||
| 090 | _ 5212 BR7200348 | ||
| 100 | 1 | _aMiranda, B. | |
| 110 | 1 |
_aCamara dos Deputados, Brasilia, DF (Brasil) _91314 |
|
| 245 | 1 | _aAlimentacao mundial. Pecuaria participacao brasileira [Carne; Estatistica de producao; Financiamento; Produtividade; Exportacao; Preco] | |
| 260 | 3 |
_aBrasilia, DF (Brasil): _c[nd]. |
|
| 300 | _a18 p. | ||
| 500 | _aPublished after 1971 | ||
| 650 | _aMicroeconomia | ||
| 650 | _aComercializacao | ||
| 650 | _aPecuaria | ||
| 650 | _aCarne | ||
| 650 | _aEstatistica de producao | ||
| 650 | _aFinanciamento | ||
| 650 | _aProdutividade | ||
| 650 | _aExportacao | ||
| 650 | _aPreco | ||
| 909 |
_a202309 _bLucia _c55 _dLucia Elande |
||
| 942 | _cBK | ||
| 999 |
_c15156 _d15156 |
||